000 00374nam a2200145Ia 4500
008 210210b1980 xxu||||| |||| 00| 0 eng d
082 _a551.302 SHAR
100 _aSHARMA (Hari Shanker).
245 _aRavine erosion in India.
260 _aN D
_bConcept Publishing Company.
_c1980
300 _a96
650 _aRavine Erosion India
690 _aGeology
906 _a036822
999 _c87015
_d87015